[Event "Hull 4NCL op-C"]
[Site "Hull"]
[Date "2023.09.10"]
[Round "4"]
[White "Slegg, Gary"]
[Black "Smith, Adam"]
[Result "1-0"]
[WhiteElo "1553"]
[BlackElo "1623"]
[PlyCount "103"]
[EventDate "2023.09.08"]
[EventType "swiss"]
[EventRounds "5"]
[EventCountry "ENG"]
[SourceTitle "EXT 2024"]
[Source "ChessBase"]
[SourceDate "2023.10.10"]
[SourceVersion "1"]
[SourceVersionDate "2023.10.10"]
[SourceQuality "1"]

1. e4 c6 2. Nc3 d5 3. d4 Nf6 4. e5 Nfd7 5. e6 fxe6 6. Qh5+ g6 7. Qg5 Qb6 8. Nf3 Bg7 9. Qe3 e5 10. Nxe5 Nxe5 11. dxe5 Qxe3+ 12. Bxe3 Bxe5 13. Bh6 Bf5 14. Bd3 Nd7 15. Kd2 Nc5 16. Rab1 Rg8 17. Ne2 Nxd3 18. cxd3 Bf6 19. h4 e5 20. Ng3 0-0-0 21. Nxf5 gxf5 22. g3 Rg4 23. Bg5 Bxg5+ 24. hxg5 Rd7 25. Rh5 Rg7 26. Rbh1 R4xg5 27. Rxg5 Rxg5 28. Rxh7 Rg4 29. Rf7 Rg5 30. Ke2 a5 31. a4 Kb8 32. f4 exf4 33. gxf4 Rg2+ 34. Ke3 Rxb2 35. Rxf5 Rb4 36. Re5 Rxa4 37. f5 Rh4 38. f6 Rh8 39. f7 Rh3+ 40. Kf4 Rh4+ 41. Kg3 Rd4 42. f8Q+ Kc7 43. Re7+ Kb6 44. Qd8+ Kc5 45. Qxa5+ Kd6 46. Qc7+ Kc5 47. Qxb7 Rxd3+ 48. Kf4 Rd4+ 49. Ke3 Rb4 50. Qa7+ Kc4 51. Rb7 d4+ 52. Qxd4+ 1-0

[Event "BCF-chT3W 2223 (4NCL)"]
[Site "England"]
[Date "2022.10.22"]
[Round "1.54"]
[White "Slegg, Gary"]
[Black "Shaw, Peter"]
[Result "0-1"]
[WhiteElo "1671"]
[BlackElo "2079"]
[PlyCount "70"]
[EventDate "2022.10.22"]
[EventType "team-tourn"]
[EventRounds "11"]
[EventCountry "ENG"]
[SourceTitle "EXT 2024"]
[Source "ChessBase"]
[SourceDate "2023.10.10"]
[SourceVersion "1"]
[SourceVersionDate "2023.10.10"]
[SourceQuality "1"]
[WhiteTeam "Shropshire and Friends"]
[BlackTeam "Chessable White Rose III"]
[WhiteTeamCountry "ENG"]
[BlackTeamCountry "ENG"]

1. e4 c5 2. d4 cxd4 3. c3 dxc3 4. Nxc3 Nc6 5. Nf3 e6 6. Bc4 a6 7. 0-0 b5 8. Bb3 Na5 9. Bc2 Bb7 10. Qe2 Rc8 11. Rd1 Bc5 12. Bf4 Ne7 13. a3 Ng6 14. Bg3 Be7 15. Qd3 Nc4 16. Rab1 0-0 17. Qxd7 Qxd7 18. Rxd7 Nxa3 19. bxa3 Rxc3 20. Rxb7 Rxc2 21. Ra7 Rfc8 22. h3 Bxa3 23. Rxa6 b4 24. Bd6 R2c6 25. Rxc6 Rxc6 26. e5 f6 27. Nd4 Rc4 28. Nb5 Nxe5 29. Nxa3 bxa3 30. Bxa3 h5 31. Rb7 Nd3 32. Rb8+ Kh7 33. Kf1 Rc2 34. f3 Nf4 35. Rb2 Rc1+ 0-1